[Event "TCh-CHN 2017"]
[Site "China CHN"]
[Date "2017.12.05"]
[Round "22.4"]
[Board "1"]
[White "Wei, Yi"]
[Black "Xu, Zhihang"]
[Result "1-0"]
[WhiteTitle "GM"]
[BlackTitle "FM"]
[WhiteElo "2743"]
[BlackElo "2373"]
[WhiteTeam "Jiangsu"]
[BlackTeam "Qingdao"]
[WhiteFideId "8603405"]
[BlackFideId "8611572"]
[EventDate "2017.04.18"]

1. e4 e5 2. Nf3 Nc6 3. Bb5 Nf6 4. d3 d6 5. O-O Be7 6. c3 O-O 7. Nbd2 a6 8. Ba4
b5 9. Bc2 Bg4 10. h3 Bh5 11. Re1 d5 12. Qe2 Re8 13. Nf1 d4 14. g4 Bg6 15. Ng3
Bc5 16. Kh2 Qb8 17. Bg5 Nd7 18. h4 h6 19. h5 Bh7 20. Bh4 dxc3 21. bxc3 Qb6 22.
g5 Nd8 23. d4 Be7 24. Bb3 hxg5 25. Nxg5 exd4 26. cxd4 Qxd4 27. Rad1 Qe5 28. Rxd7
Qf4 29. Nxh7 Bxh4 30. h6 Bxg3+ 31. fxg3 Qxh6+ 32. Kg2 Qxh7 33. Qg4 Rb8 34. Red1
c5 35. Bd5 Rb6 36. Rxd8 Rxd8 37. Bxf7+ Kxf7 38. Rxd8 Re6 39. Qf4+ Rf6 40. Qe5
Kg6 41. Qe8+ Kh6 42. Rd1 Kg5 43. Rd5+ 1-0

[Event "TCh-CHN 2017"]
[Site "China CHN"]
[Date "2017.12.05"]
[Round "22.4"]
[Board "2"]
[White "Yu, Ruiyuan"]
[Black "Ma, Zhonghan"]
[Result "1/2-1/2"]
[WhiteTitle "GM"]
[BlackTitle "IM"]
[WhiteElo "2499"]
[BlackElo "2471"]
[WhiteTeam "Jiangsu"]
[BlackTeam "Qingdao"]
[WhiteFideId "8603090"]
[BlackFideId "8607206"]
[EventDate "2017.04.18"]

1. e4 e5 2. Nf3 Nc6 3. Nc3 Nf6 4. d4 exd4 5. Nxd4 Bb4 6. Nxc6 bxc6 7. Bd3 d5 8.
exd5 cxd5 9. O-O O-O 10. Bg5 c6 11. Qf3 Bd6 12. h3 h6 13. Bxf6 Qxf6 14. Qxf6
gxf6 15. Ne2 Be5 16. Rab1 Bd7 17. Ng3 Rfe8 18. Nf5 Bxf5 19. Bxf5 Re7 20. Rfe1
Rb8 21. b3 Kf8 22. Kf1 Rbe8 23. Re3 Bd4 24. Rxe7 Rxe7 25. Re1 Rxe1+ 26. Kxe1 Ke7
27. Ke2 Kd6 28. Bg4 Bc5 29. Bh5 Ke6 30. Bg4+ Kd6 31. Bh5 Ke6 32. Bg4+ Ke5 1/2-1/2

[Event "TCh-CHN 2017"]
[Site "China CHN"]
[Date "2017.12.05"]
[Round "22.4"]
[Board "3"]
[White "Lin, Chen"]
[Black "Fang, Yuxiang"]
[Result "1/2-1/2"]
[WhiteTitle "GM"]
[BlackTitle "GM"]
[WhiteElo "2477"]
[BlackElo "2497"]
[WhiteTeam "Jiangsu"]
[BlackTeam "Qingdao"]
[WhiteFideId "8602298"]
[BlackFideId "8605840"]
[EventDate "2017.04.18"]

1. e4 e5 2. Nf3 Nc6 3. Bb5 Nf6 4. O-O Nxe4 5. Re1 Nd6 6. Nxe5 Be7 7. Bf1 Nxe5 8.
Rxe5 O-O 9. Nc3 Ne8 10. Nd5 Bd6 11. Re1 c6 12. Ne3 Be7 13. Qe2 Bg5 14. Nf5 d5
15. Ne7+ Kh8 16. Nxc8 Rxc8 17. d4 Bxc1 18. Raxc1 Nd6 19. Qe7 Re8 20. Qxd8 Rcxd8
21. Bd3 g6 22. c3 Kg7 23. f3 f5 24. Kf2 Kf6 25. g3 h6 26. Rxe8 Rxe8 27. Re1 Rxe1
28. Kxe1 g5 29. Kf2 Ke6 30. Ke2 Kf6 31. Kf2 Ke6 32. Ke2 Kf6 33. Kf2 1/2-1/2

[Event "TCh-CHN 2017"]
[Site "China CHN"]
[Date "2017.12.05"]
[Round "22.4"]
[Board "4"]
[White "Sun, Fanghui"]
[Black "Guo, Qi"]
[Result "1-0"]
[BlackTitle "IM"]
[WhiteElo "2126"]
[BlackElo "2396"]
[WhiteTeam "Qingdao"]
[BlackTeam "Jiangsu"]
[WhiteFideId "8604150"]
[BlackFideId "8604002"]
[EventDate "2017.04.18"]

1. e4 e5 2. Nf3 Nc6 3. Bb5 a6 4. Ba4 Nge7 5. Nc3 g6 6. d4 exd4 7. Nd5 Bg7 8. Bg5
h6 9. Bf6 Bxf6 10. Nxf6+ Kf8 11. O-O Kg7 12. Nd5 d6 13. Nxd4 Nxd5 14. Nxc6 bxc6
15. exd5 cxd5 16. Qxd5 Rb8 17. Bb3 Rf8 18. Rfe1 Rb5 19. Qd4+ Qf6 20. Rad1 Bb7
21. Qxf6+ Kxf6 22. Rd4 g5 23. f3 Rd8 24. Rd3 Rc5 25. Rde3 Re5 26. Kf2 Rxe3 27.
Rxe3 d5 28. Rc3 Rc8 29. Rc5 Ke6 30. Ke3 Kd6 31. Kd4 c6 32. c4 Re8 33. cxd5 cxd5
34. Rc2 Re1 35. Rd2 Bc6 36. Bc2 a5 37. Bd3 Bd7 38. Bc2 h5 39. g3 Bb5 40. Bb3 f6
41. Bxd5 f5 42. Bf7 h4 43. gxh4 gxh4 44. Bg6 Bc6 45. Bxf5 Bxf3 46. Rf2 Bd5 47.
a3 Rd1+ 48. Bd3 Be6 49. b4 axb4 50. axb4 Bd7 51. Rf6+ Ke7 52. Rf3 Kd6 53. Kc3
Rc1+ 54. Kd2 Rg1 55. Rf2 Bc6 56. Ke3 Rg4 57. Rf4 Rxf4 58. Kxf4 Bd7 59. Bc4 h3
60. Kg3 Kc6 61. Bf1 Be6 62. Bxh3 Bc4 63. Bf5 Kb5 64. h4 Kxb4 65. h5 Kc5 66. h6
Bg8 67. Kf4 Kd6 68. Kg5 Ke7 69. Kg6 Kf8 70. Kf6 1-0

[Event "TCh-CHN 2017"]
[Site "China CHN"]
[Date "2017.12.05"]
[Round "22.5"]
[Board "1"]
[White "Zhou, Jianchao"]
[Black "Liu, Qingnan"]
[Result "1/2-1/2"]
[WhiteTitle "GM"]
[BlackTitle "GM"]
[WhiteElo "2597"]
[BlackElo "2522"]
[WhiteTeam "Shanghai"]
[BlackTeam "Shenzhen"]
[WhiteFideId "8603537"]
[BlackFideId "8603294"]
[EventDate "2017.04.18"]

1. d4 d5 2. c4 c6 3. cxd5 cxd5 4. Nc3 Nc6 5. Nf3 Nf6 6. Bf4 Bf5 7. e3 e6 8. Bd3
Bxd3 9. Qxd3 Bd6 10. Bxd6 Qxd6 11. O-O O-O 12. Rfc1 Rfc8 13. Nd2 Nd7 14. a3 a6
15. Rc2 Rc7 16. Rac1 Rac8 17. Ne2 Na7 18. Rxc7 Rxc7 19. Rxc7 Qxc7 20. Qc3 Nb5
21. Qxc7 Nxc7 22. Nf4 Kf8 23. Kf1 Ke7 24. Ke2 f6 25. Nd3 e5 26. dxe5 Nxe5 27.
Nxe5 fxe5 28. f4 Kf6 29. fxe5+ Kxe5 30. Nf3+ Kd6 31. Nd4 Ke5 32. Nf3+ Kd6 33.
Nd4 Ke5 34. Nf3+ 1/2-1/2

[Event "TCh-CHN 2017"]
[Site "China CHN"]
[Date "2017.12.05"]
[Round "22.5"]
[Board "2"]
[White "Ni, Hua"]
[Black "Rapport, Richard"]
[Result "1/2-1/2"]
[WhiteTitle "GM"]
[BlackTitle "GM"]
[WhiteElo "2671"]
[BlackElo "2707"]
[WhiteTeam "Shanghai"]
[BlackTeam "Shenzhen"]
[WhiteFideId "8601160"]
[BlackFideId "738590"]
[EventDate "2017.04.18"]

1. e4 e5 2. Nf3 Nc6 3. Nc3 Nf6 4. d4 exd4 5. Nxd4 Bb4 6. Nxc6 bxc6 7. Bd3 d5 8.
exd5 O-O 9. O-O cxd5 10. Bg5 c6 11. Qf3 Bd6 12. Bxf6 Qxf6 13. Qxf6 gxf6 14. Ne2
Rb8 15. Rab1 Re8 16. Ng3 h6 17. Nf5 Bxf5 18. Bxf5 Rb7 19. Bd3 Be5 20. Rfe1 Kf8
21. b3 Rbe7 22. Kf1 Bc3 23. Rxe7 Kxe7 24. Rd1 Kf8 25. Be2 d4 26. Rd3 Re5 27. Rh3
Kg7 28. Rh5 Kg6 29. Rxe5 fxe5 30. Bd3+ f5 31. f3 1/2-1/2

[Event "TCh-CHN 2017"]
[Site "China CHN"]
[Date "2017.12.05"]
[Round "22.5"]
[Board "3"]
[White "Grischuk, Alexander"]
[Black "Wang, Hao"]
[Result "1/2-1/2"]
[WhiteTitle "GM"]
[BlackTitle "GM"]
[WhiteElo "2772"]
[BlackElo "2709"]
[WhiteTeam "Shanghai"]
[BlackTeam "Shenzhen"]
[WhiteFideId "4126025"]
[BlackFideId "8602883"]
[EventDate "2017.04.18"]

1. d4 d5 2. Nf3 Nf6 3. c4 e6 4. Nc3 c6 5. cxd5 exd5 6. Bg5 Be7 7. Qc2 Nbd7 8. e3
Nh5 9. Bxe7 Qxe7 10. Be2 g6 11. O-O O-O 12. Bd3 Ndf6 13. Rfe1 Re8 14. Ne5 Ng4
15. Nf3 Ngf6 16. Ne5 Ng4 17. Nf3 1/2-1/2

[Event "TCh-CHN 2017"]
[Site "China CHN"]
[Date "2017.12.05"]
[Round "22.5"]
[Board "4"]
[White "Ushenina, Anna"]
[Black "Ju, Wenjun"]
[Result "1/2-1/2"]
[WhiteTitle "GM"]
[BlackTitle "GM"]
[WhiteElo "2416"]
[BlackElo "2567"]
[WhiteTeam "Shenzhen"]
[BlackTeam "Shanghai"]
[WhiteFideId "14110911"]
[BlackFideId "8603006"]
[EventDate "2017.04.18"]

1. d4 Nf6 2. c4 e6 3. Nc3 Bb4 4. e3 O-O 5. Bd3 d5 6. Nf3 c5 7. O-O dxc4 8. Bxc4
cxd4 9. exd4 b6 10. Bg5 Bb7 11. Ne5 Nbd7 12. Nxd7 Qxd7 13. Bxf6 gxf6 14. d5 Bxc3
15. bxc3 Bxd5 16. Qg4+ Kh8 17. Qh4 Bxc4 18. Qxf6+ Kg8 19. Qg5+ Kh8 20. Qf6+ Kg8
21. Qg5+ Kh8 22. Qf6+ 1/2-1/2

[Event "TCh-CHN 2017"]
[Site "China CHN"]
[Date "2017.12.05"]
[Round "22.5"]
[Board "5"]
[White "Huang, Qian"]
[Black "Muzychuk, Anna"]
[Result "1/2-1/2"]
[WhiteTitle "WGM"]
[BlackTitle "GM"]
[WhiteElo "2438"]
[BlackElo "2582"]
[WhiteTeam "Shenzhen"]
[BlackTeam "Shanghai"]
[WhiteFideId "8602689"]
[BlackFideId "14111330"]
[EventDate "2017.04.18"]

1. d4 d5 2. c4 c6 3. Nf3 Nf6 4. Nc3 e6 5. e3 Nbd7 6. Qc2 Bd6 7. Bd3 O-O 8. O-O
e5 9. cxd5 cxd5 10. e4 exd4 11. Nxd5 Nxd5 12. exd5 h6 13. Nxd4 Qh4 14. Nf3 Qh5
15. Bh7+ Kh8 16. Qf5 Qxf5 17. Bxf5 Nf6 18. Bxc8 Rfxc8 19. Rd1 Rd8 20. Be3 Be7
21. d6 Rxd6 22. Rxd6 Bxd6 23. Rd1 Be7 24. g3 Kg8 25. Ne5 a6 26. Nd7 Rd8 27.
Nxf6+ Bxf6 28. Rxd8+ Bxd8 29. Kf1 f5 30. Ke2 Kf7 31. Kd3 1/2-1/2

[Event "TCh-CHN 2017"]
[Site "China CHN"]
[Date "2017.12.05"]
[Round "22.6"]
[Board "1"]
[White "Ma, Qun"]
[Black "Zeng, Chongsheng"]
[Result "1/2-1/2"]
[WhiteTitle "GM"]
[BlackTitle "GM"]
[WhiteElo "2638"]
[BlackElo "2547"]
[WhiteTeam "Hangzhou"]
[BlackTeam "Chongqing"]
[WhiteFideId "8603154"]
[BlackFideId "8603847"]
[EventDate "2017.04.18"]

1. d4 d5 2. c4 e6 3. Nc3 Bb4 4. cxd5 exd5 5. Bf4 c6 6. e3 Bf5 7. g4 Bg6 8. h4 h5
9. g5 Nd7 10. Bd3 Ne7 11. Ne2 Nf8 12. Be5 Ne6 13. Qc2 Bxd3 14. Qxd3 Ng6 15. Bg3
O-O 16. O-O-O f5 17. gxf6 Qxf6 18. Rdg1 Qf5 19. Kc2 Rad8 20. Nc1 Kh7 21. Qxf5
Rxf5 22. Nd3 Be7 23. b4 b6 24. Rb1 Rd7 25. Ne2 c5 26. bxc5 bxc5 27. dxc5 Nxc5
28. Nxc5 Bxc5 29. Rb5 Bb6 30. Rd1 Ne7 31. a4 Rf6 32. a5 Bd8 33. Nd4 Ra6 34. Nb3
Rc6+ 35. Kb2 a6 36. Rc5 Rb7 37. Rdc1 Re6 38. Ka2 Re4 39. Nd4 Nf5 40. Rxd5 Nxd4
41. Rxd4 Rxd4 42. exd4 Rb5 43. Rc5 Bxa5 44. Rc6 Be1 45. Rxa6 Rf5 46. Kb3 Bxf2
47. Bxf2 Rxf2 48. d5 Kg8 49. Re6 Rf4 50. Kc3 Kf7 51. Re5 Rxh4 52. d6 Rh1 53. Kc2
Ra1 54. Rxh5 Ra8 55. Kd3 Rd8 56. Rd5 Ke6 57. Ke4 Rxd6 1/2-1/2

[Event "TCh-CHN 2017"]
[Site "China CHN"]
[Date "2017.12.05"]
[Round "22.6"]
[Board "2"]
[White "Bai, Jinshi"]
[Black "Andreikin, Dmitry"]
[Result "0-1"]
[WhiteTitle "GM"]
[BlackTitle "GM"]
[WhiteElo "2556"]
[BlackElo "2712"]
[WhiteTeam "Hangzhou"]
[BlackTeam "Chongqing"]
[WhiteFideId "8602280"]
[BlackFideId "4158814"]
[EventDate "2017.04.18"]

1. d4 d5 2. c4 dxc4 3. Nf3 a6 4. e3 Bg4 5. Bxc4 e6 6. Nc3 Nc6 7. h3 Bh5 8. O-O
Nf6 9. Be2 Bd6 10. b3 Qe7 11. Bb2 Rd8 12. Nd2 Bxe2 13. Qxe2 e5 14. d5 Nb4 15. e4
Nc2 16. Rad1 Nd4 17. Qe3 O-O 18. Nc4 Nd7 19. Ne2 Nxe2+ 20. Qxe2 f5 21. exf5 Rxf5
22. Nd2 Nf6 23. Ne4 Nxe4 24. Qxe4 Rf4 25. Qe2 e4 26. g3 Rf3 27. Rd4 Re8 28. Kg2
Qg5 29. Bc1 Qg6 30. Kh1 Qh5 31. h4 Qg4 32. Rd3 Qh3+ 33. Kg1 Rxd3 0-1

[Event "TCh-CHN 2017"]
[Site "China CHN"]
[Date "2017.12.05"]
[Round "22.6"]
[Board "3"]
[White "Vallejo Pons, Francisco"]
[Black "Zhou, Weiqi"]
[Result "1-0"]
[WhiteTitle "GM"]
[BlackTitle "GM"]
[WhiteElo "2707"]
[BlackElo "2613"]
[WhiteTeam "Hangzhou"]
[BlackTeam "Chongqing"]
[WhiteFideId "2205530"]
[BlackFideId "8601674"]
[EventDate "2017.04.18"]

1. e4 e5 2. Nf3 Nc6 3. Bb5 a6 4. Ba4 Nf6 5. d3 b5 6. Bb3 Bc5 7. Nc3 O-O 8. Nd5
Nxd5 9. Bxd5 Rb8 10. O-O Ne7 11. Nxe5 Nxd5 12. exd5 Bd4 13. Nf3 Bf6 14. c3 d6
15. Be3 b4 16. Nd4 Bxd4 17. Bxd4 bxc3 18. bxc3 Qg5 19. c4 Re8 20. f4 Qg6 21. Qd2
h5 22. Rf3 Qh6 23. h3 Bf5 24. Kh2 Re7 25. Re1 Rbe8 26. Rxe7 Rxe7 27. Qb2 Kh7 28.
Qf2 f6 29. Rg3 Kh8 30. a3 Kh7 31. Bc3 Kh8 32. Ba5 Kh7 33. Kg1 h4 34. Rf3 Qh5 35.
Be1 Kg8 36. Qxh4 Qxh4 37. Bxh4 Re2 38. g4 Bd7 39. Bf2 Kf7 40. f5 Ba4 41. h4 Bd1
42. g5 Re5 43. Rg3 Rxf5 44. gxf6 Rxf6 45. Ba7 Kf8 46. Bb8 Rf7 47. Re3 Bc2 48.
Kg2 g6 49. Kg3 Bb1 50. c5 dxc5 51. d6 cxd6 52. Bxd6+ Kg7 53. Bxc5 Rb7 54. d4 Ba2
55. Kg4 Rb1 56. Kf4 Kf6 57. Be7+ Kf7 58. Kg5 Rf1 59. Kh6 Rf4 60. Bg5 Rxd4 61.
Re7+ Kf8 62. Ra7 Bc4 63. Kxg6 Bd3+ 64. Kf6 Kg8 65. Ke5 Re4+ 66. Kd5 Ra4 67. Be7
Rg4 68. Ke5 Kh7 69. Bg5+ Kg6 70. Rd7 Re4+ 71. Kd5 Ra4 72. Be7 Bb5 73. Rc7 Rg4
74. Rc3 Rg1 75. Kc5 Re1 76. Rg3+ Kf7 77. Bg5 Rd1 78. h5 Rd3 79. Be3 Rxa3 80. h6
Rc3+ 81. Kd6 Rc6+ 82. Kd5 Rc2 83. Rg7+ Kf6 84. Bd4+ Kf5 85. h7 1-0

[Event "TCh-CHN 2017"]
[Site "China CHN"]
[Date "2017.12.05"]
[Round "22.6"]
[Board "4"]
[White "Tan, Zhongyi"]
[Black "Harika, Dronavalli"]
[Result "1-0"]
[WhiteTitle "GM"]
[BlackTitle "GM"]
[WhiteElo "2517"]
[BlackElo "2504"]
[WhiteTeam "Chongqing"]
[BlackTeam "Hangzhou"]
[WhiteFideId "8603642"]
[BlackFideId "5015197"]
[EventDate "2017.04.18"]

1. d4 d5 2. c4 e6 3. Nf3 Nf6 4. Bg5 h6 5. Bxf6 Qxf6 6. Nc3 c6 7. e3 g6 8. Bd3
Bg7 9. cxd5 exd5 10. b4 O-O 11. O-O a6 12. a4 Bg4 13. h3 Bxf3 14. Qxf3 Qxf3 15.
gxf3 Nd7 16. Rfc1 Rfd8 17. Rab1 Nf8 18. f4 Bf6 19. Kg2 Ne6 20. Ne2 Be7 21. f5
gxf5 22. Bxf5 Ng7 23. Bd3 Rac8 24. Kf3 Kf8 25. Nf4 Bd6 26. Rg1 Bxf4 27. Kxf4 Rd6
28. Kf3 Rf6+ 29. Ke2 Re8 30. Bh7 Ne6 31. Rg8+ Ke7 32. Rxe8+ Kxe8 33. Rg1 Ke7 34.
Rg8 Nf8 35. Bd3 Ke8 36. h4 Ke7 37. h5 Rd6 38. Rh8 Rf6 39. Kf1 Ne6 40. Be2 Nd8
41. Bg4 b6 42. Ke2 a5 43. bxa5 bxa5 44. f3 Rd6 45. Kd3 Rf6 46. e4 dxe4+ 47. fxe4
Rf4 48. Bc8 Rf3+ 49. Kc4 Re3 50. e5 Ra3 51. Rxh6 Rxa4+ 52. Kc5 Rb4 53. Rd6 Rb8
54. Rd7+ Ke8 55. Rc7 Rb5+ 56. Kc4 Rb4+ 57. Kc3 Rb1 58. Kd3 Rh1 59. Bd7+ Kf8 60.
Bxc6 Rxh5 61. Rc8 Ke7 62. Ba4 Rh3+ 63. Ke4 Ra3 64. Bb5 Rb3 65. Bc4 Rb4 66. Rc7+
Kf8 67. d5 a4 68. Rc8 a3 69. Kd4 Ra4 70. Kd3 a2 71. Bxa2 Rxa2 72. Rxd8+ Ke7 73.
Rb8 Rf2 74. Rb7+ Ke8 75. Kd4 Rf5 76. Kc5 Rf1 77. Kd6 Kf8 78. Rb8+ Kg7 79. Ra8
Rc1 80. Ke7 Rc7+ 81. Kd8 Rc5 82. d6 Rxe5 83. d7 Rc5 84. Ke7 1-0

[Event "TCh-CHN 2017"]
[Site "China CHN"]
[Date "2017.12.05"]
[Round "22.6"]
[Board "5"]
[White "Lei, Tingjie"]
[Black "Gu, Tianlu"]
[Result "1-0"]
[WhiteTitle "GM"]
[BlackTitle "WIM"]
[WhiteElo "2528"]
[BlackElo "2197"]
[WhiteTeam "Chongqing"]
[BlackTeam "Hangzhou"]
[WhiteFideId "8605114"]
[BlackFideId "8603995"]
[EventDate "2017.04.18"]

1. e4 c5 2. Nf3 Nc6 3. d4 cxd4 4. Nxd4 Nf6 5. Nc3 d6 6. Bg5 e6 7. Qd2 a6 8.
O-O-O Bd7 9. f4 b5 10. Bxf6 gxf6 11. Kb1 b4 12. Nce2 Qb6 13. Nf3 Qc5 14. f5 e5
15. Nc1 a5 16. g4 a4 17. g5 fxg5 18. Nd3 Qa5 19. Qxg5 b3 20. cxb3 axb3 21. a3
Qa4 22. Qf6 Qxe4 23. Bg2 Qc4 24. Rd2 Rg8 25. Nfxe5 dxe5 26. Nxe5 Be7 27. Qxc6
Qxc6 28. Bxc6 Bxc6 29. Nxc6 Rc8 30. Nd4 Rg5 31. Rf1 Rd8 32. Nxb3 Rxd2 33. Nxd2
Rg2 34. Nc4 Rxh2 35. f6 Bd8 36. a4 Kd7 37. Rd1+ Kc7 38. Nb6 Kxb6 39. Rxd8 Rf2
40. Rd5 Rxf6 41. Ka2 Rf3 42. Rh5 f5 43. Rxh7 f4 44. b4 Re3 45. Rh6+ Kb7 46. a5
f3 47. Kb2 Rd3 48. Rf6 Re3 49. Rd6 Ka7 50. Rf6 Kb7 51. Kc2 Ra3 52. Kd2 Rb3 53.
Rf4 Ka6 54. Ke1 Rb2 55. Rf6+ Kb5 56. Rb6+ Kc4 57. a6 Ra2 58. b5 Kd3 59. Rb7 f2+
60. Kf1 Ke3 61. Kg2 Ke2 62. Re7+ Kd3 63. a7 Kc4 64. b6 Kc5 65. b7 Rxa7 66. Re5+ 1-0